| 000 | 00452nam a2200157Ia 4500 | ||
|---|---|---|---|
| 008 | 240729s9999 xx 000 0 und d | ||
| 022 | _a2615-8795 | ||
| 245 | 0 | _aSociological Jurisprudence Journal | |
| 260 | _aIndonesia | ||
| 260 | _bWarmadewa Press | ||
| 650 | _a Law in general. Comparative and uniform law. Jurisprudence | ||
| 650 | _aLaw | ||
| 856 | _uhttps://doaj.org/toc/2f09a09c13fa425f9b8db4e2c29ec6b9 | ||
| 942 | _2ddc | ||
| 942 | _cDOAJEJ | ||
| 999 |
_c70893 _d70893 |
||
| 945 |
_a1 _bMadushi Gamage _c1 _dMadushi Gamage |
||